An introduction to the CAT: (Record no. 35155)

MARC details
000 -LEADER
fixed length control field 00898nam a22002297a 4500
005 - DATE AND TIME OF LATEST TRANSACTION
control field 20100408104915.0
008 - FIXED-LENGTH DATA ELEMENTS--GENERAL INFORMATION
fixed length control field 100408t xxu||||| |||| 00| 0 eng d
010 ## - LCCN (DPL NO)
LC control number ENG-96002
020 ## - INTERNATIONAL STANDARD BOOK NUMBER
International Standard Book Number 9788131729694
Terms of availability 249.00
035 ## - SYSTEM CONTROL NUMBER
System control number EN-79535
037 ## - SOURCE OF ACQUISITION
Source of stock number/acquisition DBAD/VEN
040 ## - CATALOGING SOURCE
Original cataloging agency DPL
082 ## - DEWEY DECIMAL CLASSIFICATION NUMBER
Classification number 000
100 ## - MAIN ENTRY--PERSONAL NAME
Personal name Balakrishna, Sidharth
245 ## - TITLE STATEMENT
Title An introduction to the CAT:
Statement of responsibility, etc by Sidharth Balakrishna
Remainder of title tips from an IIM alumnus/
260 ## - PUBLICATION, DISTRIBUTION, ETC. (IMPRINT)
Place of publication, distribution, etc New Delhi
Name of publisher, distributor, etc Dorling Kindersley (India) Pvt. Ltd., Licensees of Pearson Education,
Date of publication, distribution, etc 2010
270 ## - ADDRESS
Address 14, Local Shopping Centre, Panchsheel Park
City New Delhi
Postal code 110017
300 ## - PHYSICAL DESCRIPTION
Extent x, 174p. ;
Dimensions 22 cm.
942 ## - ADDED ENTRY ELEMENTS (KOHA)
Source of classification or shelving scheme Dewey Decimal Classification
Item type English Books
Call number suffix BAL
Classification part 000
Holdings
Withdrawn status Lost status Source of classification or shelving scheme Materials specified (bound volume or other part) Damaged status Not for loan Collection code Home library Current library Date acquired Source of acquisition Cost, normal purchase price Total Checkouts Full call number Barcode Date last seen Copy number Cost, replacement price Koha item type
    Dewey Decimal Classification Pbk   Not For Loan Non-fiction D.B.Act.Division D.B.Act.Division 08/03/2010 DBAD/VEN 249.00   000 BAL EN-79535 08/04/2010 1 249.00 English Books

© Delhi Public Library
Hit Counter
free hit counter